Norwich City most G+A each season 2020s - Statistics

General Stats
  • This quiz has been taken 12 times
  • The average score is 8 of 12
Answer Stats
Season Answer % Correct
2019-2014 Teemu Pukki
100%
2020-2130 Teemu Pukki
100%
2021-2215 Teemu Pukki
100%
2022-2318 Teemu Pukki
100%
2019-209 Emi Buendia
70%
2020-2130 Emi Buendia
70%
2021-227 Josh Sargent
60%
2022-2315 Josh Sargent
60%
2019-209 Todd Cantwell
60%
2020-2113 Todd Cantwell
60%
2021-224 Kenny McLean
40%
2022-2311 Gabriel
0%
No matching quizzes found
Score Distribution
Percent of People with Each Score
Percentile by Number Answered
Your Score History
You have not taken this quiz